=LDR 00000nam 2200000 4500 =001 INLIS000000000019677 =005 20130612114715 =008 ***********************************Ind** =035 ##$$0010-061300000019677 =041 ##$$a Ind =082 ##$$a R.351.710 26 =090 ##$$a R.351.710 26, Ind p =100 ##$$a Indonesia.Undang-Undang dan Peraturan =245 ##$$a Peraturan presiden RI no. 8 tahun 2006 tentang perubahan atas keputusan presiden nomor 80 tahun 2003 tentang pedoman pelaksanaan pengadaan barang jasa pemerintah dilengkapi petunjuk pelaksanaan pengadaan jasa konstruksi oleh instansi pemerintah =260 ##$$a 2006 $b Jakarta =300 ##$$a ii, 346 hlm, 21 cm =650 ##$$a Presiden Undang-undang peraturan pengadaan barang =850 ##$$a NBPNMAT